The development of Mandarin in Singapore /
محفوظ في:
| المؤلف الرئيسي: | |
|---|---|
| التنسيق: | أطروحة كتاب |
| اللغة: | English |
| منشور في: |
1989.
|
| الموضوعات: | |
| الوسوم: |
إضافة وسم
لا توجد وسوم, كن أول من يضع وسما على هذه التسجيلة!
|
| LEADER | 00717cam a2200241 a 4500 | ||
|---|---|---|---|
| 001 | u93571 | ||
| 003 | SIRSI | ||
| 008 | 910606s1989 si v 00 1 eng m | ||
| 035 | |a AAK-2200 | ||
| 040 | |a UMM | ||
| 043 | |a a-si--- | ||
| 049 | |a msa | ||
| 090 | |a PL1060 |b S55Tan | ||
| 100 | 1 | 0 | |a Tan, Ai Lan. |
| 245 | 1 | 4 | |a The development of Mandarin in Singapore / |c Tan Ai Lan. |
| 260 | 1 | |c 1989. | |
| 300 | |a v, 122 leaves ; |c 30 cm. | ||
| 502 | |a Dissertation (M.A.) -- National University of Singapore, 1989. | ||
| 504 | |a Bibliography: leaves 117-122. | ||
| 650 | 0 | |a Chinese language |z Singapore. | |
| 948 | |a 13/08/1991 |b 28/03/1998 | ||
| 596 | |a 1 | ||
| 999 | |a PL1060 S55TAN |w LC |c 1 |i A010892010 |l STACKS |m P01UTAMA |r Y |s Y |t TESIS |u 21/1/1992 | ||
